000
00262nam a2200109Ia 4500
008
220204s9999 xx 000 0 und d
082
_a
039
_b
MOO
100
_a
Moore, A
245
0
_a
Cultural anthropology
260
_a
New York
_b
Harper and Row
_c
1978
942
_c
BK
999
_c
29013
_d
29013